Statistics for Countries With The Most Female Prisoners

Click here to take the quiz!

General Stats

  • This quiz has been taken 33 times
  • The average score is 11 of 30

Answer Stats

%Country% Correct
10.6United States
100%
10.0China
76%
9.8Russia
72%
10.0Japan
69%
7.0Spain
59%
8.0Australia
52%
12.0Thailand
52%
9.0Cambodia
41%
14.0Laos
41%
17.1Qatar
41%
11.2Singapore
41%
11.7United Arab Emirates
41%
12.0Vietnam
41%
10.2Philippines
38%
8.1Chile
34%
12.7Myanmar
34%
10.1Taiwan
31%
11.2Belarus
28%
12.0Brunei
28%
8.0Finland
28%
7.7Bolivia
17%
11.0Guatemala
17%
8.0Hungary
17%
7.2Turkmenistan
17%
11.8Andorra
14%
8.6Czech Republic
14%
7.6Monaco
10%
13.8Liechtenstein
7%
11.0South Sudan
7%
49.2Dominica
3%

Score Distribution

Percentile by Number Answered

Percent of People with Each Score

Your Score History

You have not taken this quiz